000 00326 a2200157 4500
001 62545
020 _a9788576755043
040 _cAnchieta - Pituba
100 _aLisboa, Julio Cezar Foschini
240 1 0 _aQuímica 2
_lpor
245 1 0 _aQuímica 2
300 _a432
362 0 _a2010
650 4 _aQuímica
942 _cBK
999 _c62545
_d62545